Ülésezett a Magyar Cserkészszövetségek Fóruma

Bibliographic Details
Format: Article
Language:Hungarian
PhysicalDescription:Fotogr.
ISSN:1336-0434
Subjects:

MARC

LEADER 00000nab a2200000 ar4500
001 vtls008941379
003 SK-MaSNL
005 20260318122401.0
008 070103c2006 xo |||||||| 000 b|hun
015 |a SNBRB2007/01  |2 snkbucl 
038 |a SNKBUCL 
040 |a DSZK  |b slo  |c DSZK  |e AACR2 
041 0 |a hun 
044 |a xo  |c SK 
080 |a 379.831:061.2  |x (=511.141)  |x (4)  |2 1997 
080 |a 796.03  |2 1997 
080 |a 061.3  |2 1997 
245 0 0 |a Ülésezett a Magyar Cserkészszövetségek Fóruma  |c [szerző] atos 
300 |b Fotogr. 
610 2 7 |a Fórum zväzov skautov maďarskej národnosti  |x zasadanie  |y 2006  |2 snkbucl  |9 1530570 
650 0 7 |a skauting  |2 snkbucl  |9 3238 
773 0 |t Cserkész  |g Évf. 16, sz. 11 (2006), o. 22  |x 1336-0434 
852 |a SNK  |b KIS3GCP 
852 |a DSZK  |b KIS3GCP 
958 |a HU 
958 |a SK 
999 |c 3082421  |d 3084351